| 000 | 00711nam a2200217 a 4500 | ||
|---|---|---|---|
| 005 | 20240806064032.0 | ||
| 008 | 040604s1997 es r 000 0 spa d | ||
| 020 | _a8420429740 | ||
| 035 | _aUPN01000133604 | ||
| 049 | _aCG | ||
| 050 | 4 |
_aPS3511 I9 _bC8.3 |
|
| 100 | 1 |
_aFitzgerald, Francis Scott, _d1896-1940 _932064 |
|
| 245 | 1 | 0 |
_aCuentos 2 / _cScott Fitzgerald ; ed. de Matthew J. Bruccoli ; tr. de Justo Navarro. |
| 260 |
_aMadrid : _bAlfaguara, _c1997. |
||
| 300 | _a475 p. | ||
| 534 |
_pTÃtulo original: _tThe short stories of F. Scott Fitzgerald |
||
| 650 | 4 |
_aLiteratura estadounidense _95229 |
|
| 650 | 4 |
_aCuentos estadounidenses _912811 |
|
| 700 | 1 |
_aBruccoli, Matthew J., _eed. |
|
| 905 | _aLibro | ||
| 999 |
_c105755 _d105755 |
||